MARC details
| 000 -LEADER |
| fixed length control field |
01078cam a2200325 i 4500 |
| 001 - CONTROL NUMBER |
| control field |
200464238 |
| 003 - CONTROL NUMBER IDENTIFIER |
| control field |
TR-AnTOB |
| 005 - DATE AND TIME OF LATEST TRANSACTION |
| control field |
20250416213532.0 |
| 007 - PHYSICAL DESCRIPTION FIXED FIELD--GENERAL INFORMATION |
| fixed length control field |
ta |
| 008 - FIXED-LENGTH DATA ELEMENTS--GENERAL INFORMATION |
| fixed length control field |
060328s2005 tu ad 000 0 tur d |
| 020 ## - INTERNATIONAL STANDARD BOOK NUMBER |
| International Standard Book Number |
9756984759 |
| 035 ## - SYSTEM CONTROL NUMBER |
| System control number |
(TR-AnTOB) |
| 040 ## - CATALOGING SOURCE |
| Original cataloging agency |
TVK |
| Language of cataloging |
eng |
| Description conventions |
rda |
| Transcribing agency |
TVK |
| Modifying agency |
SULEY |
| -- |
TR-AnTOB |
| 041 0# - LANGUAGE CODE |
| Language code of text/sound track or separate title |
Türkçe |
| 060 #4 - NATIONAL LIBRARY OF MEDICINE CALL NUMBER |
| Classification number |
W 20 |
| Item number |
I99 2005 |
| 096 ## - LOCALLY ASSIGNED NLM-TYPE CALL NUMBER (OCLC) |
| Classification number |
W20 |
| Item number |
I99 2005 TıpFaK |
| 245 00 - TITLE STATEMENT |
| Title |
İzmir tıpta uzmanlık eğitimi veren kurumlar : |
| Remainder of title |
tanıtım kitabı 2005 / |
| Statement of responsibility, etc. |
hazırlayanlar Candan Çiçek [and nine others] |
| 250 ## - EDITION STATEMENT |
| Edition statement |
1.baskı : Kasım 2005 |
| 264 #1 - PRODUCTION, PUBLICATION, DISTRIBUTION, MANUFACTURE, AND COPYRIGHT NOTICE |
| Place of production, publication, distribution, manufacture |
İzmir : |
| Name of producer, publisher, distributor, manufacturer |
İzmir Tabip Odası Uzmanlık Eğitimi Çalışma Grubu, |
| Date of production, publication, distribution, manufacture, or copyright notice |
2005. |
| 300 ## - PHYSICAL DESCRIPTION |
| Extent |
531 pages : |
| Other physical details |
illustrations, tables ; |
| Dimensions |
27 cm |
| 336 ## - CONTENT TYPE |
| Content type term |
text |
| Content type code |
txt |
| Source |
rdacontent |
| 337 ## - MEDIA TYPE |
| Media type term |
unmediated |
| Media type code |
n |
| Source |
rdamedia |
| 338 ## - CARRIER TYPE |
| Carrier type term |
volume |
| Carrier type code |
nc |
| Source |
rdacarrier |
| 490 0# - SERIES STATEMENT |
| Series statement |
İzmir Tabip Odası Araştırma yayını ; |
| Volume/sequential designation |
1 |
| 504 ## - BIBLIOGRAPHY, ETC. NOTE |
| Bibliography, etc. note |
Includes bibliographical references. |
| 650 #2 - SUBJECT ADDED ENTRY--TOPICAL TERM |
| Topical term or geographic name entry element |
Education, Medical, Graduate |
| 9 (RLIN) |
148573 |
| 700 1# - ADDED ENTRY--PERSONAL NAME |
| Personal name |
Çiçek, Candan |
| Relator term |
editor |
| 9 (RLIN) |
144414 |
| 942 ## - ADDED ENTRY ELEMENTS (KOHA) |
| Source of classification or shelving scheme |
National Library of Medicine |
| Koha item type |
Book |